| 000 | 00521 a2200181 4500 | ||
|---|---|---|---|
| 001 | 068638 | ||
| 003 | OSt | ||
| 005 | 20220311114209.0 | ||
| 008 | |||
| 020 | _a8170333794 | ||
| 082 |
_a338.9 _bP21P |
||
| 245 | 1 |
_aParadigms in economic development : classic perspectives critiques and reflections _cedited by Rajani Kanth |
|
| 260 |
_aJaipur _bRawat Publications _c1997 |
||
| 300 | _ax; 276p. | ||
| 653 | _aEconomic development | ||
| 700 |
_aKanth, Rajani _eEditor |
||
| 942 |
_2ddc _cBK |
||
| 999 |
_c2293 _d2293 |
||